|
|
|
|
| LEADER |
00000nkm a2200000 a 4500 |
| 001 |
vtls011915005 |
| 003 |
SK-MaSNL |
| 005 |
20260512125424.0 |
| 007 |
kp bo |
| 008 |
230706s1966 xo g kuslo |
| 015 |
|
|
|a SNBG1966
|
| 035 |
|
|
|a urn:nbn:sk:snk-km00ea1h
|
| 035 |
|
|
|a urn:nbn:sk:snk-km43h4q
|
| 035 |
|
|
|a A579CE79-42C8-4E75-936B-45999B5C164D
|
| 040 |
|
|
|a SNK
|b slo
|c SNK
|e AACR2
|
| 041 |
0 |
|
|a slo
|
| 043 |
|
|
|a e-pl---
|a e-xo---
|
| 044 |
|
|
|a xo
|c SK
|
| 072 |
|
7 |
|a 908(437)
|x Vlastiveda Česka a Slovenska
|2 konspekt
|
| 080 |
|
|
|a 908(437.6)
|2 2011
|
| 080 |
|
|
|a 556.53
|2 2011
|
| 080 |
|
|
|a (084.121)
|2 2011
|
| 080 |
|
|
|a 911.2(23.0)
|2 2011
|
| 080 |
|
|
|a (438)
|2 2011
|
| 080 |
|
|
|a (282.243)
|2 2011
|
| 080 |
|
|
|a (234.372)
|2 2011
|
| 080 |
|
|
|a 551.4.035
|2 2011
|
| 100 |
1 |
|
|a Rozman, Ladislav,
|d 1898-1986
|4 pht
|9 5062
|
| 245 |
1 |
0 |
|a Pieniny - Dunajec
|h grafika
|c foto Ladislav Rozman
|
| 260 |
|
|
|a [Bratislava]
|b VPL
|c 1966
|
| 300 |
|
|
|a 1 pohľadnica
|b čiernobiela
|c 11 x 15 cm
|
| 520 |
8 |
|
|a Zobrazenie: Pohľad na rieku zblízka. Vľavo aj vpravo v pozadí vidno hory s ihličnatými stromami. Vpravo v popredí vidno nad riekou konár listnatéhos tromu
|
| 650 |
0 |
7 |
|a hory
|2 SNKPH
|9 55651
|
| 650 |
0 |
7 |
|a rieky
|2 SNKPH
|9 29644
|
| 651 |
|
7 |
|a Dunajec (Poľsko a Slovensko : rieka)
|2 SNKPHgeo
|9 31516
|
| 651 |
|
7 |
|a Pieniny (Poľsko a Slovensko : pohorie)
|2 SNKPHgeo
|9 17492
|
| 655 |
|
7 |
|a geografické pohľadnice
|2 SNKPH
|9 70522
|
| 852 |
|
|
|a Slovenská národná knižnica
|
| 954 |
|
|
|a pohľadnice pôvodné (slovenské)
|2 lita
|
| 958 |
|
|
|a GBN
|
| 958 |
|
|
|a GC
|
| 958 |
|
|
|a OND
|
| 999 |
|
|
|c 1035949
|d 1037879
|
| 952 |
|
|
|a SNK
|b SNK
|y PREZ
|7 0
|p 17A1235904
|o snkSP 41899
|0 0
|1 0
|4 0
|d 2020-02-03
|f 1
|l 0
|r 2026-02-24 14:08:21
|w 2026-02-24
|